000 00615nam a2200241Ia 4500
003 OSt
005 20221007100644.0
006 a|||||r|||| 00| 0
007 ta
008 221006b |||||||| |||| 00| 0 eng d
024 _a4,853
037 _cTextual
040 _aLCO
_cLCO
_beng
041 _2eng
_aeng
082 _aV3:5, L8
100 _aANDERSON N
_987913
245 0 _aLiberty , law and justice
260 _aLondon
_bStevens & Sons.
_c1978
300 _a140
650 _aLIBERTY , LAW AND JUSTICE
_9701937
942 _hV3:5, L8
_cTEXL
999 _c1174416
_d1174416